| 000 | 00894nam a2200229Ia 4500 | ||
|---|---|---|---|
| 005 | 20260430150740.0 | ||
| 008 | 008 250103s9999 xx 000 0 hin d | ||
| 037 | _aTheses | ||
| 040 | _aCRL | ||
| 040 | _bhin | ||
| 040 | _chin | ||
| 041 | _2hin | ||
| 041 | _ahin | ||
| 084 | _qCRL | ||
| 100 |
_aपरमिन्दर सिंह, ले. _9865613 |
||
| 245 | 0 | _aगुरबानी संगीत गायन में प्रयुक्त होने वाले संगत वाद्यों पर पुनर्विवेचन - एक विश्लेषणात्मक अध्ययन | |
| 260 | _c2020 | ||
| 300 | _a223पृ0 | ||
| 700 |
_aदिल्ली विश्वविद्यालय. संगीत एवं कला संकाय. संगीत विभाग _9556224 |
||
| 942 | _cTH | ||
| 999 |
_c1850585 _d1850585 |
||